000 00346nam a2200133Ia 4500
008 151001s9999||||xx |||||||||||||| ||und||
100 _aनयना आचार्य
245 _aवावडी
250 _a1
260 _bशितल मेहता कोल्हापूर
260 _c2013
300 _a192
365 _b18
999 _c1001954
_d1001951